<?xml version="1.0" encoding="UTF-8"?>
<record
    xmlns:xsi="http://www.w3.org/2001/XMLSchema-instance"
    xsi:schemaLocation="http://www.loc.gov/MARC21/slim http://www.loc.gov/standards/marcxml/schema/MARC21slim.xsd"
    xmlns="http://www.loc.gov/MARC21/slim">

  <leader>00628nam a2200193zi 4500</leader>
  <controlfield tag="003">OSt</controlfield>
  <controlfield tag="005">20260530113913.0</controlfield>
  <controlfield tag="008">260506b2006    spa||||| |||| 00| 0 spa d</controlfield>
  <datafield tag="040" ind1=" " ind2=" ">
    <subfield code="a">ICI</subfield>
    <subfield code="b">spa</subfield>
    <subfield code="c">ICI</subfield>
    <subfield code="e">rda</subfield>
  </datafield>
  <datafield tag="041" ind1=" " ind2=" ">
    <subfield code="a">spa</subfield>
  </datafield>
  <datafield tag="050" ind1="0" ind2="0">
    <subfield code="a">NK1414.A1 </subfield>
    <subfield code="b"> H34 1987</subfield>
  </datafield>
  <datafield tag="100" ind1="1" ind2=" ">
    <subfield code="a">Hagerman, Oscafr, </subfield>
    <subfield code="e">artista</subfield>
    <subfield code="9">33703</subfield>
  </datafield>
  <datafield tag="245" ind1="1" ind2="0">
    <subfield code="a">Oscar Hagerman / </subfield>
    <subfield code="c">traducci&#xF3;n Florencio Ruiz Mat&#xE9;</subfield>
  </datafield>
  <datafield tag="300" ind1=" " ind2=" ">
    <subfield code="a">[63] p&#xE1;ginas :</subfield>
    <subfield code="b">ilustraciones, fotos</subfield>
  </datafield>
  <datafield tag="650" ind1=" " ind2=" ">
    <subfield code="a">Dise&#xF1;o de muebles</subfield>
    <subfield code="v">Cat&#xE1;logos</subfield>
    <subfield code="y">Siglo XX</subfield>
    <subfield code="9">33704</subfield>
  </datafield>
  <datafield tag="650" ind1=" " ind2=" ">
    <subfield code="a">Arquitectura</subfield>
    <subfield code="v"> Cat&#xE1;logos</subfield>
    <subfield code="y">Siglo XX</subfield>
    <subfield code="9">33705</subfield>
  </datafield>
  <datafield tag="700" ind1="1" ind2=" ">
    <subfield code="a">Ruiz Mat&#xE9;, Florencio, </subfield>
    <subfield code="e"> traductor</subfield>
    <subfield code="9">33706</subfield>
  </datafield>
  <datafield tag="942" ind1=" " ind2=" ">
    <subfield code="2">lcc</subfield>
    <subfield code="c">BK</subfield>
    <subfield code="n">1</subfield>
  </datafield>
  <datafield tag="999" ind1=" " ind2=" ">
    <subfield code="c">12197</subfield>
    <subfield code="d">12197</subfield>
  </datafield>
</record>
